The spirit level : why equality is better for everyone (Record no. 71031)

MARC details
000 -LEADER
fixed length control field 00637nam a2200217Ia 4500
008 - FIXED-LENGTH DATA ELEMENTS--GENERAL INFORMATION
fixed length control field 191130s2010##################000#0#eng##
020 ## - INTERNATIONAL STANDARD BOOK NUMBER
ISBN 9780141032368
082 ## - DEWEY DECIMAL CLASSIFICATION NUMBER
Classification number 305 WIL
100 ## - MAIN ENTRY--AUTHOR NAME
Personal name Wilkinson, Richard
245 ## - TITLE STATEMENT
Title The spirit level : why equality is better for everyone
Statement of responsibility, etc Richard Wilkinson and Kate Pickett
260 ## - PUBLICATION, DISTRIBUTION, ETC. (IMPRINT)
Place of publication London
Name of publisher Penguin Books
Year of publication 2010
300 ## - PHYSICAL DESCRIPTION
Number of Pages xvii, 374 p. : ill. ; 20 cm
500 ## - GENERAL NOTE
General note Includes index
650 ## - SUBJECT ADDED ENTRY--TOPICAL TERM
Topical Term Equality
Topical Term Social problems
Topical Term Soziale Ungleichheit
991 ## -
-- 241480
Holdings
Withdrawn status Lost status Damaged status Not for loan Home library Current library Shelving location Date acquired Full call number Accession Number Price effective from Koha item type
        Anna Centenary Library Anna Centenary Library 3RD FLOOR, B WING 09.10.2020 305 WIL 410690 09.10.2020 Books

Find us on the map